000 00669nam a2200229 a 4500
001 57972
003 BD-RjUL
005 20211209080554.0
008 161212s1969 nyua b 001 0 eng d
035 _a(BD-RjUL)58096
040 _aDLC
_cDLC
_dSER
_dUKM
_dBD-RjUL
_beng
041 _aeng
082 _a301
_223
_bPHS 1969
100 1 _aPhillips, Bernard S.
_9172184
245 0 0 _aSociology :
_bsocial structure and change /
_c[by] Bernard S. Phillips
260 _aNew York :
_bMacmillan,
_c1969
300 _axvi, 432 p. :
_billus. ;
_c25 cm
504 _aIncludes bibliographical references
650 0 _aSociology
_9170250
942 _2ddc
_cBK
999 _c57972
_d57972